书目信息 |
| 题名: |
新编校园海报设计
|
|
| 作者: | 温青 编绘 | |
| 分册: | ||
| 出版信息: | 福州 福建科学技术出版社 1998.09 |
|
| 页数: | 151页 | |
| 开本: | 32开 | |
| 丛书名: | ||
| 单 册: | ||
| 中图分类: | J292.13 | |
| 科图分类: | ||
| 主题词: | 书法--中国 , 篆刻--中国 | |
| 电子资源: | ||
| ISBN: | 7-5335-1366-5 | |
| 000 | 00587nam0 2200205 45 | |
| 001 | 0007270929 | |
| 005 | 20000727095313.8 | |
| 010 | @a7-5335-1366-5@d8.00元 | |
| 100 | @a20000727d1998 km y0chiy0120 ea | |
| 101 | 0 | @achi |
| 105 | @a z 000yy | |
| 200 | 1 | @a新编校园海报设计@AXin Bian Xiao Yuan Hai Bao She Ji@f温青 编绘@FWen Qing Bian Hui |
| 210 | @a福州@c福建科学技术出版社@d1998.09 | |
| 215 | @a151页@d32开 | |
| 606 | 0 | @a书法@x中国 |
| 606 | 0 | @a篆刻@x中国 |
| 690 | @aJ292.13@v3 | |
| 701 | 0 | @a温青@4编绘 |
| 801 | @aCN@bPftUser@c20000727 | |
| 905 | @b80166-175@dJ292.13@eW.536@f10 | |
| 新编校园海报设计/温青 编绘.-福州:福建科学技术出版社,1998.09 |
| 151页;32开 |
| ISBN 7-5335-1366-5:8.00元 |
| ● |
| 相关链接 |
|
|
|
正题名:新编校园海报设计
索取号:J292.13/W.536
 
预约/预借
| 序号 | 登录号 | 条形码 | 馆藏地/架位号 | 状态 | 备注 |
| 1 | 80166 | 200801668 | 自科二线404/ [索取号:J292.13/W.536] | 在馆 | |
| 2 | 80167 | 200801677 | 自科二线404/309社科库 47排4列5层/ [索取号:J292.13/W.536] | 在馆 | |
| 3 | 80168 | 200801686 | 自科二线404/404自科库 11排6列6层/ [索取号:J292.13/W.536] | 在馆 | |
| 4 | 80169 | 200801695 | 自科二线404/309社科库 80排2列4层/ [索取号:J292.13/W.536] | 在馆 | |
| 5 | 80170 | 200801702 | 自科二线404/309社科库 80排2列4层/ [索取号:J292.13/W.536] | 在馆 | |
| 6 | 80171 | 200801711 | 自科二线404/309社科库 80排2列5层/ [索取号:J292.13/W.536] | 在馆 | |
| 7 | 80172 | 200801720 | 自科二线404/309社科库 80排2列4层/ [索取号:J292.13/W.536] | 在馆 | |
| 8 | 80173 | 200801739 | 社科库309/ [索取号:J292.13/W.536] | 在馆 | |
| 9 | 80174 | 200801748 | 自科二线404/309社科库 80排2列5层/ [索取号:J292.13/W.536] | 在馆 | |
| 10 | 80175 | 200801757 | 自科二线404/309社科库 80排2列4层/ [索取号:J292.13/W.536] | 在馆 |